| 000 | 01189cam a22002054a 4500 | ||
|---|---|---|---|
| 005 | 20250605164013.0 | ||
| 008 | 250528s ||||||||||||||||||||||||d | ||
| 035 | _a16039 | ||
| 020 | _a9602101040 | ||
| 040 |
_aGR-AtMCL _bgre _dGR-AtMCL _eAACR2 |
||
| 245 | 1 | _aΤο Management των Πωλήσεων | |
| 260 |
_bΟδυσσέας, _c1991 |
||
| 300 | _a208 | ||
| 520 | _aΠλήρες εγχειρίδιο του Management των πωλήσεων, βασισμένο πάνω στη μελέτη της ελληνικής πραγματικότητας. Πρόλογος, Η Λειτουργία του Management των Πωλήσεων, Προγραμματισμός, Οργάνωση της Λειτουργίας των Πωλήσεων, Προσλήψεις, Εκπαίδευση Στελεχών Πωλήσεων, Ηγεσία, Ο Συμβουλευτικός και Καθοδογητικός Πόλος του Manager, Ομαδική Συνεργασία, Παρακίνηση Στελεχών, Έλεγχος. | ||
| 700 | 1 |
_aΜαντές Γιώργος _92076 |
|
| 700 | 1 |
_aΜπουραντάς Δημήτρης _91036 |
|
| 942 | _cBK | ||
| 999 |
_c1580 _d1580 |
||